书目信息 |
| 题名: |
中日战争时期的通敌内幕
|
|
| 作者: | Boyle , 博伊尔 著 ;陈体芳 译 | |
| 分册: | 下册 | |
| 出版信息: | 北京 商务印书馆 1978 |
|
| 页数: | 231-531页 | |
| 开本: | 19cm | |
| 丛书名: | ||
| 单 册: | ||
| 中图分类: | K265.3 | |
| 科图分类: | ||
| 主题词: | 侵华事件--日本--史料 | |
| 电子资源: | ||
| ISBN: | ||
| 000 | 00840nam0 2200265 45 | |
| 001 | 0178002401 | |
| 005 | 20060819152635.60 | |
| 010 | @dCNY1.60 | |
| 091 | @aCN@b11017.426 | |
| 100 | @a19950724d1978 em y0chiy0121 ea | |
| 101 | 1 | @achi@ceng |
| 102 | @aCN@b110000 | |
| 105 | @ay z 000yy | |
| 200 | 10 | @a中日战争时期的通敌内幕@Azhong ri zhan zheng shi qi de tong di nei mu@e1937-1945@h下册@f(美)博伊尔(J.H.Boyle)著@g陈体芳等译 |
| 210 | @a北京@c商务印书馆@d1978 | |
| 215 | @a231-531页@d19cm | |
| 300 | @a书名原文:China and Japan at war 1937-1945 | |
| 510 | 1 | @aChina and Japan at war 1937-1945@zeng |
| 606 | @a侵华事件@y日本@x史料 | |
| 690 | @aK265.3@v3 | |
| 701 | A1 | @aBoyle@bJ.H.@4著 |
| 701 | 1 | @a博伊尔@Abo yi er@bJ.H.@4著 |
| 702 | 0 | @a陈体芳@Achen ti fang@4译 |
| 801 | 0 | @aCN@bTSSF@c20060819 |
| 905 | @a10447@dK265.3@e60:2 | |
| 中日战争时期的通敌内幕:1937-1945.下册/(美)博伊尔(J.H.Boyle)著/陈体芳等译.-北京:商务印书馆,1978 |
| 231-531页;19cm |
| 书名原文:China and Japan at war 1937-1945 |
| ISBN :CNY1.60 |
| ● |
| 相关链接 |
|
|
|
|
正题名:中日战争时期的通敌内幕
索取号:K265.3/60:2
 
预约/预借
| 序号 | 登录号 | 条形码 | 馆藏地/架位号 | 状态 | 备注 |
| 1 | 0466928 | 204669288 | 密集书库/ [索取号:K265.3/60:2] | 在馆 |